000 00744nam a22002057a 4500
999 _c5114
_d5114
003 AR-CdUCM
008 190312b ||||| |||| 00| 0 spa d
040 _aMUNICIPALIDAD PROVINCIAL DEL CUSCO
_cBIBLIOTECA MUNICIPAL DEL CUSCO
082 _a980.05 /
_bG19
100 _aGandia, Enrique de
_915556
245 _aNapoleón y la Independencia de América /
260 _aBuenos Aires :
_bAntonio Zamora,
_c1955.
300 _a285 paginas ;
_c23 cm.
505 _aLa revolución Francesa -- Temores fantásticos -- Pasquines revolucionarios -- El odio a la revolución -- La traición Napoleónica...
650 _aRevolución Francesa
_91606
650 _aNapoleon
_91841
650 _aRousseau
_92604
942 _2ddc
_cLIBROS
945 _awnts